000 00633nam a22001817a 4500
005 20251108171958.0
008 250721s1985 xx 000 0 ara d
082 1 4 _a956.203/لبن
245 1 0 _aلبنان :
_bهزيمة المنتصرون و إنتصار القضية /
264 1 _aعمان :
_bدار الجليل،
_c1985.
300 _a176ص : مص
490 0 _aالحرب الفلسطينية الإسرائيلية في لبنان ؛8
650 1 7 _aتاريخ لبنان
650 1 7 _aغزو لبنان 1982
650 1 7 _aالحرب الفلسطسنية الإسرائيلية
942 _2ddc
_cBK
999 _c67455
_d67455